LIBRARY & INFORMATION CENTRE, KCAET, TAVANUR

ONLINE PUBLIC ACCESS CATALOGUE (OPAC)

Mesopotamian sahithya charithram / (Record no. 5259)

MARC details
000 -LEADER
fixed length control field 00452cam a2200169ua 4500
041 ## - LANGUAGE CODE
Language code of text/sound track or separate title mal
082 ## - DEWEY DECIMAL CLASSIFICATION NUMBER
Classification number 800
Item number KRI/ME
100 ## - MAIN ENTRY--AUTHOR NAME
Personal name Krishna chaithanya, .
245 ## - TITLE STATEMENT
Title Mesopotamian sahithya charithram /
260 ## - PUBLICATION, DISTRIBUTION, ETC. (IMPRINT)
Place of publication Kottayam :
Name of publisher Sahitya Pravarthaka Co-operative Society ,
Year of publication 1958.
300 ## - PHYSICAL DESCRIPTION
Number of Pages 102 ; .
942 ## - ADDED ENTRY ELEMENTS (KOHA)
Koha item type Books
Holdings
Withdrawn status Lost status Damaged status Home library Current library Date acquired Full call number Accession Number Koha item type
Withdrawn     KAUAET Malayalam University 07/04/2012 800 5647 Books
free website counter